<?xml version="1.0" encoding="UTF-8"?>
<record
    xmlns:xsi="http://www.w3.org/2001/XMLSchema-instance"
    xsi:schemaLocation="http://www.loc.gov/MARC21/slim http://www.loc.gov/standards/marcxml/schema/MARC21slim.xsd"
    xmlns="http://www.loc.gov/MARC21/slim">

  <leader>00567nam a2200181 a 4500</leader>
  <controlfield tag="001">1656</controlfield>
  <controlfield tag="003">CDMR</controlfield>
  <controlfield tag="005">20140715180018.0</controlfield>
  <controlfield tag="008">140709s2014    sp ||||| |||| 00| 0 spa d</controlfield>
  <datafield tag="020" ind1=" " ind2=" ">
    <subfield code="a">9788416001200</subfield>
  </datafield>
  <datafield tag="040" ind1=" " ind2=" ">
    <subfield code="b">cat</subfield>
    <subfield code="c">CDMR</subfield>
  </datafield>
  <datafield tag="100" ind1="1" ind2=" ">
    <subfield code="9">4573</subfield>
    <subfield code="a">Paone, Mariangela</subfield>
    <subfield code="d">1980-</subfield>
  </datafield>
  <datafield tag="245" ind1="1" ind2="4">
    <subfield code="a">Las cuatro estaciones de Atenas</subfield>
    <subfield code="b">: cr&#xF3;nicas desde un pa&#xED;s ahogado por su rescate</subfield>
    <subfield code="c">Mariangela Paone, Joaquin Estefana (pr&#xF2;leg)</subfield>
  </datafield>
  <datafield tag="260" ind1=" " ind2=" ">
    <subfield code="a">Madrid</subfield>
    <subfield code="b">Libros del K.O.</subfield>
    <subfield code="c">2014</subfield>
  </datafield>
  <datafield tag="300" ind1=" " ind2=" ">
    <subfield code="a">159 p.</subfield>
    <subfield code="e">+ 1 cartell</subfield>
  </datafield>
  <datafield tag="700" ind1="1" ind2=" ">
    <subfield code="9">3513</subfield>
    <subfield code="a">Estefan&#xED;a, Joaqu&#xED;n</subfield>
  </datafield>
  <datafield tag="942" ind1=" " ind2=" ">
    <subfield code="c">MON</subfield>
    <subfield code="2">udc</subfield>
  </datafield>
  <datafield tag="999" ind1=" " ind2=" ">
    <subfield code="c">1656</subfield>
    <subfield code="d">1656</subfield>
  </datafield>
  <datafield tag="952" ind1=" " ind2=" ">
    <subfield code="0">0</subfield>
    <subfield code="1">0</subfield>
    <subfield code="4">0</subfield>
    <subfield code="7">0</subfield>
    <subfield code="a">CDMR</subfield>
    <subfield code="b">CDMR</subfield>
    <subfield code="d">2014-07-09</subfield>
    <subfield code="e">Intercanvi</subfield>
    <subfield code="g">14.90</subfield>
    <subfield code="l">0</subfield>
    <subfield code="o">Am 85</subfield>
    <subfield code="p">CDMR1407301256</subfield>
    <subfield code="r">2014-07-09</subfield>
    <subfield code="v">14.90</subfield>
    <subfield code="w">2014-07-09</subfield>
    <subfield code="y">MON</subfield>
  </datafield>
</record>
